| 000 | 01094nam0a2200325 4500 | ||
|---|---|---|---|
| 001 | RU\NLR\bibl\1462526 | ||
| 005 | 20260405172048.0 | ||
| 010 |
_a978-5-91282-005-2 _94200 |
||
| 021 |
_aRU _b2009-93663 _95929 |
||
| 035 | _a(nilc)RSL-KNO-004417985 | ||
| 035 | _a(NLR Aleph) 001454272 | ||
| 090 |
_a1542616 _c1542616 |
||
| 100 | _a20091120d2009 |||y0rusy50 ca | ||
| 101 | 0 | _arus | |
| 102 | _aRU | ||
| 105 | _aa ||||||||| | ||
| 200 | 1 |
_aГуси-лебеди _e[сказка : для чтения взрослыми детям _fхудож. С. Фоминова] |
|
| 210 |
_a[Б. м.] _cСлово _cЛеда _d2009 |
||
| 215 |
_a[8] с. _cцв. ил. _d22 |
||
| 225 | 1 | _aСолнышко | |
| 225 | 1 |
_aСерия "Для самых маленьких" _eв 180-и тт. _vТ. 108 |
|
| 225 | 1 | _aРадуга | |
| 702 | 1 |
_4040 _8rus _7ca _aФоминова _bС. _cхудожник _3RU\NLR\AUTH\7773620 _956548 |
|
| 801 | 0 |
_aRU _bРГБ _c20091120 _grcr |
|
| 801 | 1 |
_aRU _bРГБ _c20091120 |
|
| 801 | 2 |
_aRU _bNLR _c20100119 _grcr |
|
| 942 | _cBOOK | ||
| 980 | _aNB | ||